Language Quiz

Random Language or Letter Quiz

Word Wheels II Quiz Stats

 Plays Quiz Updated Sep 10, 2017

Also try: Word Wheels
Challenge
Share
Tweet
Score 0/12 Timer 06:00
1 Play Today
% Correct
B - Notebook
90.3%
S - Countess
83.8%
P - Symphony
83.8%
E - Foremost
83.2%
N - Nutshell
83%
V - Overhang|Hangover
81.3%
G - Giggling
80.6%
K - Pinkness
76.6%
F - Youthful
74.9%
C - Draconic
74%
W - Airwaves
71%
Y - Kayakers
67.5%

You're not logged in!

Compare scores with friends on all Sporcle quizzes.
Join for Free
OR
Log In

You Might Also Like...

Show Comments

Extras

Top Quizzes Today


Score Distribution

Your Account Isn't Verified!

In order to create a playlist on Sporcle, you need to verify the email address you used during registration. Go to your Sporcle Settings to finish the process.

Report this User

Report this user for behavior that violates our Community Guidelines.

Details: